000 00531nam a22001697a 4500
003 NUST
038 _aNusrat Nadeem
082 _a200
100 _aAkmal, Tanzila
_9124810
245 _aIdentifying the Impact of Solid Waste on Health and Property Value/
_cTanzila Akmal
264 _aIslamabad;
_bS3H NUST.
_c2022.
300 _a127,p;
_bill;
_c30,cm.
650 _aPhD- Economics
_9123160
700 _aSupervisor: Dr. Faisal Jamil
_9124811
856 _u http://10.250.8.41:8080/xmlui/handle/123456789/34717
942 _2ddc
_cSC
999 _c610605
_d610605